Tobacco : what it is, what it does /

A simple introduction to facts about smoking, including how smoking started, effects of smoking on health, and why people smoke.

Bibliographic Details
Main Author: Seixas, Judith S.
Other Authors: Huffman, Tom
Format: Book
Language:English
Published: New York : Greenwillow Books, [1981]
Edition:1st ed.
Series:Greenwillow read-alone
Subjects:

MARC

Tag First Indicator Second Indicator Subfields
LEADER 00000pam a2200000 a 4500
001 in00000070194
005 20151008061632.0
008 810130s1981 nyua j 00010 eng
010 |a  81000837  
020 |a 0688007694 :  |c $5.95 
020 |a 0688005373 (lib. bdg.) :  |c $5.71 
020 |z 0688006183 
035 |a (OCoLC)07282162 
035 |9 AAJ8486AM 
039 0 |a 2  |b 3  |c 3  |d 3  |e 3 
040 |a DLC  |c DLC  |d TXA  |d UtOrBLW 
049 |a [Curr Col] TXAM  |c [933471] 
050 0 0 |a HV5733  |b .S4 
082 0 |a 613.8/5  |2 19 
100 1 |a Seixas, Judith S. 
245 1 0 |a Tobacco :  |b what it is, what it does /  |c Judith S. Seixas ; illustrated by Tom Huffman. 
250 |a 1st ed. 
264 1 |a New York :  |b Greenwillow Books,  |c [1981] 
264 4 |c ©1981 
300 |a 55 pages :  |b color illustrations ;  |c 22 cm. 
336 |a text  |b txt  |2 rdacontent 
337 |a unmediated  |b n  |2 rdamedia 
338 |a volume  |b nc  |2 rdacarrier 
490 0 |a Greenwillow read-alone 
520 |a A simple introduction to facts about smoking, including how smoking started, effects of smoking on health, and why people smoke. 
650 0 |a Smoking  |v Juvenile literature. 
650 0 |a Tobacco use  |v Juvenile literature. 
650 1 |a Smoking. 
700 1 |a Huffman, Tom. 
999 |a MARS 
999 f f |s 86fb9a96-cd4d-32c1-b1f6-4b9fdd061201  |i f548d471-eeda-3bed-9bae-f942f6ba5644  |t 0 
952 f f |p ric  |a Texas A&M University  |b Rellis Campus  |c Joint Library Facility  |d Remote Storage  |t 0  |e HV5733 .S4  |h Library of Congress classification  |i unmediated -- volume  |m A14806054402 
998 f f |a HV5733 .S4  |t 0  |l Remote Storage